Missions mazap (Record no. 8929)

MARC details
000 -LEADER
fixed length control field 00358nam a22001457a 4500
003 - CONTROL NUMBER IDENTIFIER
control field GBCCL
005 - DATE AND TIME OF LATEST TRANSACTION
control field 20241126110701.0
008 - FIXED-LENGTH DATA ELEMENTS--GENERAL INFORMATION
fixed length control field 220202b ||||| |||| 00| 0 eng d
040 ## - CATALOGING SOURCE
Transcribing agency gbc
082 ## - DEWEY DECIMAL CLASSIFICATION NUMBER
Classification number SOU MIS
Item number 2021
245 ## - TITLE STATEMENT
Title Missions mazap
260 ## - PUBLICATION, DISTRIBUTION, ETC.
Place of publication, distribution, etc. Dorcas hall, New Lamka:
Name of publisher, distributor, etc. Missions- Tuailai 2020,
Date of publication, distribution, etc. 2021.
300 ## - PHYSICAL DESCRIPTION
Extent 160p. ;
942 ## - ADDED ENTRY ELEMENTS (KOHA)
Source of classification or shelving scheme Dewey Decimal Classification
Koha item type Archives
Holdings
Withdrawn status Lost status Source of classification or shelving scheme Damaged status Not for loan Home library Current Library Shelving location Date acquired Total checkouts Full call number Barcode Date last seen Copy number Price effective from Koha item type
    Dewey Decimal Classification     GRACE BIBLE COLLEGE GRACE BIBLE COLLEGE Archives 2022-02-02   SOU MIS 2021 250226 2025-05-01 c.1 2022-02-02 Archives
    Dewey Decimal Classification     GRACE BIBLE COLLEGE GRACE BIBLE COLLEGE Archives 2022-02-02   SOU MIS 2021 250227 2025-05-01 c.2 2022-02-02 Archives
© Grace Bible College Library 2025